000 00472nam a2200145Ia 4500
008 100122s9999 xx 000 0 und d
082 _b42742
_a822.09
100 _aभवाळकर तारा
245 _aलोकनागर रंगभूमी
260 _bनीहारा प्रकाशन
_c1989
300 _a152
630 _aलोकनागर रंगभूमी
730 _aलोकनागर रंगभूमी
942 _cBOOK
999 _c423061
_d423058